000 01165naa a22003497a 4500
001 BR7705101
003 BR-BrBNA
005 20240918174041.0
007 ta
008 230509b bl.||||| |||| 00| 0 por d
040 _aBR-BrBNA
_bpor
_cBiblioteca Nacional de Agricultura
041 _a(Pt)
072 _aF25; E15
_b0336
_b3830
_b3840
_bG514
_bGZ74
090 _aF25 BR7705101
100 1 _aSaturnino, M.A.C.
100 1 _aMoreno, F.
245 1 _aAvaliacao dos retornos e riscos relacionados ao uso de fosforo e calcario em soja na regiao do cerrado de Minas Gerais [Brasil]
260 3 _aBelo Horizonte, MG (Brasil):
_c1977.
500 _aProjeto soja. Relatorio anual 74/75 Belo Horizonte, MG (Brasil): 1977. p. 7-19 (BR7705101-AM)F25
650 _aSOJA
650 _aADUBACAO
650 _aCALAGEM
650 _aFERTILIZANTE FOSFATADO
650 _aFOSFORO
650 _aCERRADO
650 _aANALISE ECONOMICA
650 _aCALCARIO
650 _aMINAS GERAIS
773 0 _tProjeto soja. Relatorio anual 74/75
_wF25 BR7705101
_gBelo Horizonte, MG (Brasil), 1977. p. 7-19
909 _a202404
_bLucia
_c55
_dLucia Elande
942 _cAM
_2AGRIS
999 _c308595
_d308595